Plantas aromáticas gastronómicas

Uloženo v:
Podrobná bibliografie
Hlavní autoři: Mendiola Ubillos, María Ángeles (autora), Martín Montalbán, José (Autor)
Médium: Kniha
Jazyk:španělština
Vydáno: Madrid Mundi Prensa 2009
Témata:
Tagy: Přidat tag
Žádné tagy, Buďte první, kdo vytvoří štítek k tomuto záznamu!

MARC

LEADER 00000nam a2200000 a 4500
001 UCH8617
003 CL-VaPUC
008 091203e20090000SP |||||||||||||||||spa|d
020 |a 9788484763741 
082 0 4 |a 633.82  |b MEN  |2 21 
100 |a Mendiola Ubillos, María Ángeles  |e autora  |9 545290 
700 0 |a Martín Montalbán, José  |e author  |9 545291 
245 1 0 |a Plantas aromáticas gastronómicas 
300 |a 91 p 
942 |c BK 
945 |d 20091203 00:00:00  |a rbrito 
260 |a Madrid  |b Mundi Prensa  |c 2009 
650 7 |a PLANTAS AROMATICAS  |2 CL-VaPUC  |9 366018 
650 0 |a Cultivo  |9 264268 
650 0 |a Plantas medicinales  |9 334373 
650 0 |a Floricultura  |9 264401 
650 0 |a Hierbas   |9 339681 
583 |a last modification  |c 20091203 00:00:00  |k Rodrigo Vera 
999 |c 338828  |d 338826 
952 |0 0  |1 0  |4 0  |6 633_820000000000000_MEN_2009  |7 0  |8 A  |9 431966  |a BIBAGR  |b BIBAGR  |d 2019-11-22  |i 4621409  |o 633.82 MEN 2009  |p 4621409  |r 2025-01-20  |w 2019-11-22  |y BK  |k AGR